[Event "US Masters op"]
[Site "Charlotte"]
[Date "2023.11.23"]
[Round "3"]
[White "Bruzon Batista, Lazaro"]
[Black "Schexnaydre, Benson"]
[Result "1-0"]
[WhiteElo "2606"]
[BlackElo "2000"]
[PlyCount "145"]
[EventDate "2023.11.22"]
[EventType "swiss"]
[EventRounds "9"]
[EventCountry "USA"]
[SourceTitle "CB48_2023"]
[SourceDate "2023.11.29"]
[SourceVersion "1"]
[SourceVersionDate "2023.11.29"]
[SourceQuality "1"]

1. e4 g6 2. d4 Bg7 3. Nf3 d6 4. Bc4 Nf6 5. Qe2 Nc6 6. h3 e5 7. dxe5 Nxe5 8. Nxe5 dxe5 9. Nd2 Nh5 10. Nf3 0-0 11. Bg5 Qe8 12. 0-0-0 Nf4 13. Bxf4 exf4 14. e5 Be6 15. Kb1 Qc6 16. Rd4 Rad8 17. Rxf4 Bxc4 18. Rxc4 Qb6 19. Re1 Rfe8 20. a3 Rd7 21. Rb4 Qc6 22. Qe4 Qxe4 23. Rbxe4 Kf8 24. c3 h6 25. Kc2 Rde7 26. a4 c6 27. a5 Re6 28. Kd3 Rd8+ 29. Rd4 Rde8 30. Rd7 R8e7 31. Rxe7 Rxe7 32. a6 bxa6 33. Ra1 Rb7 34. b4 Rb6 35. Nd2 Bxe5 36. Nc4 Rb5 37. Rxa6 Rd5+ 38. Kc2 c5 39. b5 Bb8 40. Rc6 Ke7 41. Rc8 Bh2 42. Ne3 Rd6 43. Rc7+ Rd7 44. Rxc5 Bd6 45. Rc6 Kd8 46. c4 Bf8 47. Nd5 Rd6 48. Rxd6+ Bxd6 49. Kd3 Bc5 50. f3 Kd7 51. Ke4 Kd6 52. g4 Bg1 53. Nf4 Kc5 54. Kd3 Bh2 55. Nd5 Be5 56. Ne7 Bc7 57. Ng8 Bf4 58. Nf6 Kd6 59. Ne4+ Kd7 60. c5 Bh2 61. Kc4 f5 62. gxf5 gxf5 63. Nf2 Ke6 64. Nd3 Bg1 65. Nb4 Ke5 66. Nc6+ Kf4 67. Nxa7 Kxf3 68. c6 Bb6 69. Nc8 Ba5 70. b6 f4 71. c7 Kg2 72. Nd6 f3 73. Ne4 1-0